Vývoj investícií v ekonomike SR diplomová práca

Uložené v:
Podrobná bibliografia
Hlavný autor: Šlahor, Milan
Korporativný autor: Národohospodárska fakulta EU. Katedra hospodárskej politiky
Ďalší autori: Vorlíčková, Jana
Médium: Kniha
Jazyk:Slovak
Vydavateľské údaje: Bratislava 2010
Tagy: Pridať tag
Žiadne tagy, Buďte prvý, kto otaguje tento záznam!

MARC

LEADER 00000nam a2200000 4500
001 0120135
005 20240318123904.2
041 0 |a slo 
044 |a SK 
245 1 0 |a Vývoj investícií v ekonomike SR  |b diplomová práca  |c Milan Šlahor ; škol. Jana Vorlíčková 
264 1 |a Bratislava  |c 2010 
300 |a 67 s. 
100 1 |a Šlahor, Milan 
700 1 |a Vorlíčková, Jana 
710 2 |a Národohospodárska fakulta EU. Katedra hospodárskej politiky